000 00704cab a2200241 4500
001 ABS49486
008 090401t1993 xxu||||| |||| 00| 0 eng d
035 _a(Sirsi) u71529
041 _aeng
100 _aBrett, M.
245 _aSold? Or perhaps not?
260 _c1993
350 _a0
490 _aEstates Gazette
_v(9339) 2 October 1993, 46-49
520 _aA further explanation of FRED 4 (see ABS48216) showing possible applications of this draft standard.
650 _aACCOUNTING STANDARDS
650 _aFRED 4
650 _aPROPERTY COMPANY ACCOUNTS
650 _aPROPERTY TRANSACTIONS
690 _aPROPERTY-PROPERTY FINANCE AND INVESTMENT
942 _n0
948 _c04/03/1997
999 _c45109
_d45109